Decrocher la lune / (Record no. 113411)

MARC details
000 -LEADER
campo de control de longitud fija 00458nam a2200157 4500
001 - NÚMERO DE CONTROL
campo de control 113411
003 - IDENTIFICADOR DE NÚMERO DE CONTROL
campo de control ES-MaACL
007 - CAMPO FIJO DE DESCRIPCIÓN FÍSICA--INFORMACIÓN GENERAL
campo de control de longitud fija t|
008 - DATOS DE LONGITUD FIJA--INFORMACIÓN GENERAL
campo de control de longitud fija 061121s1973 fr r ||||1| fre d
100 1# - ENTRADA PRINCIPAL--NOMBRE DE PERSONA
Nombre de persona Niven, David.
9 (RLIN) 85783
245 10 - MENCIÓN DEL TÍTULO
Título Decrocher la lune /
Mención de responsabilidad, etc. David Niven ; traduit par Simone Hilling.
260 ## - PUBLICACIÓN, DISTRIBUCIÓN, ETC.
Lugar de publicación, distribución, etc. Paris :
Nombre del editor, distribuidor, etc. Robert Laffont,
Fecha de publicación, distribución, etc. 1973.
300 ## - DESCRIPCIÓN FÍSICA
Extensión 338 p., 8 lám. ;
Dimensiones 24 cm.
700 1# - ENTRADA AGREGADA--NOMBRE PERSONAL
Nombre de persona Hilling, Simone.
9 (RLIN) 63729
852 ## - LOCALIZACIÓN
Ubicación ES-MaACL
Número de control de estantería E-5304
Sublocalización o colección R.89584
Holdings
Estatus retirado Estado de pérdida Estado de daño No para préstamo Biblioteca de origen Biblioteca actual Ubicación en estantería Fecha de adquisición Fuente de adquisición Total de préstamos Signatura topográfica completa Código de barras Visto por última vez Precio de reemplazo Tipo de ítem Koha
        Biblioteca del Ateneo de Madrid Biblioteca del Ateneo de Madrid Depósito 2 17/01/2008     E-5304 1118286 23/02/2023 23/02/2023 Libro impreso